A quel département séquanien s'applique cette affirmation ? - Statistiques

Statistiques générales
  • Ce quiz a été pris 12 fois
  • Le résultat moyen est 24 sur 40
Statistiques - réponses
Hint Réponse % Correct
Sa préfecture est Nanterre Hauts-de-Seine
100%
Sa préfecture est Melun Seine-et-Marne
100%
Fontainebleau, Meaux, Provins et Torcy en sont sous-préfectures Seine-et-Marne
100%
On peut y visiter le château de Vaux-le-Vicomte Seine-et-Marne
100%
Dieppe et Le Havre en sont sous-préfectures Seine-Maritime
100%
Il porte le numéro 92 Hauts-de-Seine
91%
Antony et Boulogne-Billancourt en sont sous-préfectures Hauts-de-Seine
91%
Le pays de Caux est une de ses régions Seine-Maritime
91%
Sa préfecture est Rouen Seine-Maritime
91%
Il porte le numéro 76 Seine-Maritime
91%
Le taux de fécondité est le plus élevé de France à 2.5 enfant par femme Seine-Saint-Denis
91%
Il porte le numéro 93 Seine-Saint-Denis
91%
Sa préfecture est Bobigny Seine-Saint-Denis
91%
Le Raincy et Saint-Denis en sont sous-préfectures Seine-Saint-Denis
91%
La Brie est une de ses régions Seine-et-Marne
82%
Il porte le numéro 77 Seine-et-Marne
82%
Le musée de l'Air et de l'Espace s'y trouve Seine-Saint-Denis
82%
On peut y voir les tombeaux des rois de France Seine-Saint-Denis
82%
C'est le département de France qui a le plus de départements voisins Seine-et-Marne
73%
S'y déroule le festival Rumeurs urbaines en septembre/octobre Hauts-de-Seine
64%
Sa population est en 2020 de 1 655 422 habitants Seine-Saint-Denis
64%
Son ensoleillement en 2022 a été de 1968 heures Seine-Maritime
55%
Le département a été créé en 1968 avec 27 communes de la Seine et 9 de la Seine-et-Oise Hauts-de-Seine
45%
Son ensoleillement en 2022 a été de 2169 heures Seine-et-Marne
45%
Sa population est en 2020 de 1 428 636 habitants Seine-et-Marne
45%
S'y déroule le festival du Playmobil en octobre Seine-Maritime
45%
On peut y suivre la route de l'ivoire Seine-Maritime
45%
Sa population est en 2020 de 1 626 213 habitants Hauts-de-Seine
36%
On peut y visiter la maison de Joséphine de Beauharnais Hauts-de-Seine
27%
17 de ses communes sont bordées par la Seine (sur 36) Hauts-de-Seine
27%
L'ancienne résidence d'été de Louis-Philippe s'y trouve Seine-Maritime
27%
Le département a été créé en 1968 avec 24 communes de la Seine et 16 de la Seine-et-Oise Seine-Saint-Denis
27%
Une sous-préfecture a 25000 habitants de plus que la préfecture Hauts-de-Seine
18%
Son ensoleillement en 2022 a été de 2147 heures Hauts-de-Seine
18%
S'y déroule le festival Les lueurs du temps en août Seine-et-Marne
18%
On peut y voir un chêne de plus de 800 ans Seine-Maritime
18%
Son ensoleillement en 2022 a été de 2186 heures Seine-Saint-Denis
18%
S'y déroule le festival Côté court en juin Seine-Saint-Denis
18%
Sa population est en 2020 de 1 254 739 habitants Seine-Maritime
9%
Sa préfecture n'est que la 3e ville en population du département Seine-et-Marne
0%
Aucun quiz correspondant
Distribution des résultats
% des personnes avec chaque résultat
Percentile par nombre de réponses
Votre historique - résultats
Vous n’avez pas pris ce quiz